|
|
|
|
| LEADER |
00000nam a2200000 a 4500 |
| 001 |
vtls008956211 |
| 003 |
SK-MaSNL |
| 005 |
20260301095600.0 |
| 008 |
070315s2006 au f 001 0 ger |
| 020 |
|
|
|a 3209054649 (brož. : Abteilung II, Band 3)
|
| 020 |
|
|
|a 3215712229 (súbor)
|
| 040 |
|
|
|a SNK
|b slo
|c SNK
|e AACR2
|
| 041 |
0 |
|
|a ger
|
| 043 |
|
|
|a e-au---
|
| 044 |
|
|
|a au
|c AT
|
| 072 |
|
7 |
|a 94(430/439)
|x Dejiny krajín strednej Európy
|2 konspekt
|
| 080 |
|
|
|a 328/329
|2 2001
|
| 080 |
|
|
|a (436)
|2 2001
|
| 080 |
|
|
|a (093)
|2 2001
|
| 245 |
0 |
4 |
|a Die Protokolle des österreichischen Ministerrates 1848-1867
|n II. Abteilung
|p Das Ministerium Schwarzenberg
|n Band 3, 1. Mai 1850 - 30. September 1850
|c bearbeitet und eingeleitet von Thomas Kletečka und Anatol Schmied-Kowarzik ; unter Mitarbeit von Andreas Gottsmann
|
| 246 |
3 |
0 |
|a Ministerium Schwarzenberg
|n Band 3, 1. Mai 1850 - 30. September 1850
|
| 260 |
|
|
|a Wien
|b Öbv & Hpt
|c c2006
|
| 300 |
|
|
|a xlii, 361 s.
|c 24 cm
|
| 490 |
1 |
|
|a Ministerratsprotokolle Österreichs und der Österreichisch-Ungarischen Monarchie 1848-1918
|
| 610 |
2 |
7 |
|a Rakúsko.
|b Ministerrat
|2 SNKKA
|9 145215
|
| 648 |
|
7 |
|a 1848-1867
|2 SNKPH
|9 383898
|
| 650 |
0 |
7 |
|a politika a vláda
|2 SNKPH
|9 3868
|
| 651 |
|
7 |
|a Rakúsko
|x dejiny
|2 SNKPH
|9 66145
|
| 655 |
|
7 |
|a dokumenty
|2 SNKPH
|9 70482
|
| 700 |
1 |
|
|a Kletečka, Thomas
|4 com
|4 aui
|9 355884
|
| 700 |
1 |
|
|a Schmied-Kowarzik, Anatol
|4 com
|4 aui
|9 355885
|
| 700 |
1 |
|
|a Gottsmann, Andreas,
|d 1961-
|4 com
|9 165813
|
| 830 |
|
0 |
|a Die Ministerratsprotokolle Österreichs und der Österreichisch-Ungarischen Monarchie 1848-1918
|9 355886
|
| 919 |
|
|
|a 3-209-05464-9
|
| 919 |
|
|
|a 3-215-71222-9
|
| 999 |
|
|
|c 683549
|d 685479
|
| 952 |
|
|
|a SNK
|b SNK
|y VYP
|7 0
|p 17A0547418
|o snkIC 63792/2/3
|i snk2007/9459
|8 2
|g 108.28
|0 0
|1 0
|4 0
|d 2007-03-16
|l 0
|r 2026-02-23 20:04:18
|w 2026-02-23
|